El libro básico para cromatografía de líquidos /

Guardado en:
Autor Principal: León, Roberto.
Formato: Libro
Idioma:Spanish
Materias:
Etiquetas: Agregar Etiqueta
Sin Etiquetas, Sea el primero en etiquetar este registro!
LEADER 00423nam a22001335a 4500
001 EEA.libagro005122
005 20181004104435.0
008 130809s1982####xxua##########000#0#spa#d
082 0 4 |a 544.92 
100 1 |a León, Roberto. 
245 1 3 |a El libro básico para cromatografía de líquidos /  |c Roberto León. 
300 |a 100 p. :  |b ilus. ;  |c 21,5 cm. 
653 |a Tecnicas analiticas 
859 |a AR-BbBCA  |b BIB. AGRONOMIA  |h 544.92  |i L579  |p 1995/2393